|
|
|
|
| LEADER |
00000nam a22000007a 4500 |
| 005 |
20130712132340.0 |
| 007 |
cr|||| |||| |
| 008 |
130712s2006 sp |||||s|||| 00||0 spa d |
| 035 |
|
|
|a 11448
|
| 040 |
|
|
|a vLex
|
| 090 |
|
|
|c 4446
|d 4446
|
| 100 |
1 |
|
|a Perez Hernandez, Maria Gabriela
|
| 245 |
1 |
3 |
|a La informatica, presente y futuro en la sociedad
|h [Recurso electrn̤ico] /
|c Maria Gabriela Perez Hernandez, Abraham Duarte
|
| 256 |
|
|
|a Servicio en ln̕ea
|
| 260 |
|
|
|a Madrid :
|b Dykinson,
|c 2006
|
| 300 |
|
|
|a 1 recurso electrn̤ico
|
| 500 |
|
|
|a Este texto esta especialmente destinado a los alumnos/as de los diferentes centros de la Universidad Rey Juan Carlos en las que imparten las asignaturas de informacin̤ bs̀ica aplicada como gua̕ de estudios para el alumnado y como apoyo a la docencia a los profesores que la imparten. El texto se ha estructurado bs̀icamente en dos bloques. El primero, ha tratado de encaminar al lector al manejo y dominio fluido de conceptos bs̀icos y avanzados para posteriormente introducirlo en el campo de lo general y prc̀tico, el manejo de las aplicaciones. El segundo bloque se ha destinado como primera medida al estudio del sistema operativo ya que es lo que hace posible que el ordenador sea operativo. A continuacin̤ se introduce al lector en el mundo de las aplicaciones ofimt̀icas ms̀ utilizadas en el m̀bito empresarial y domštico.
|
| 506 |
1 |
|
|a Contenido solo disponible en los productos indicados
|d vLex Global
|d vLex Global (Academic Edition, excluding Law Schools)
|d vLex Global (U.S. Academic Edition, Law Schools)
|d vLex Global (U.S. Academic Edition, excluding Law Schools)
|d vLex Global (Academic Edition, Law Schools)
|
| 650 |
|
|
|a Informt̀ica
|z Espaą
|
| 700 |
2 |
|
|a Duarte, Abraham
|
| 740 |
0 |
|
|a vLex Libros (Servicio en ln̕ea)
|
| 856 |
4 |
0 |
|u http://vlex.com/source/informatica-presente-y-futuro-en-la-sociedad-11448
|z Acceso restringido
|
| 942 |
|
|
|c BOOK
|
| 999 |
0 |
|
|a Electronic data processing
|